ESSENTIALS OF MEDICAL PHARMACOLOGY (Record no. 34814)

MARC details
000 -LEADER
fixed length control field 00403nam a22001697a 4500
003 - CONTROL NUMBER IDENTIFIER
control field SGT
020 ## - INTERNATIONAL STANDARD BOOK NUMBER
International Standard Book Number 9789356962026
082 ## - DEWEY DECIMAL CLASSIFICATION NUMBER
Classification number 615
Item number E26T
100 ## - MAIN ENTRY--PERSONAL NAME
Personal name TRIPATHI,K.D.
245 ## - TITLE STATEMENT
Title ESSENTIALS OF MEDICAL PHARMACOLOGY
250 ## - EDITION STATEMENT
Edition statement 9TH
260 ## - PUBLICATION, DISTRIBUTION, ETC. (IMPRINT)
Place of publication, distribution, etc NEW DELHI
Name of publisher, distributor, etc JAYPEE BRO.PUB.
Year of Publication 2026
300 ## - PAGE DESCRIPTION
No. of Pages 1116
650 ## - SUBJECT ADDED ENTRY--TOPICAL TERM
Topical term or geographic name as entry element PHARMACOLOGY
653 ## - KEYWORDS--INDEX TERM
Keyword term ESSENTIALS , MEDICAL , PHARMACOLOGY
942 ## - ADDED ENTRY ELEMENTS (KOHA)
Source of classification or shelving scheme Dewey Decimal Classification
Koha item type Books
Holdings
Withdrawn status Lost status Source of classification or shelving scheme Damaged status Not for loan Collection code Home library Current library Shelving location Date acquired Vendor Name Cost, normal purchase price SGTU Bill Number Total Checkouts Full call number Accession No. (Barcode) Date last seen Bill Date Koha item type
    Dewey Decimal Classification     PHARMACY SGT FA-FP Library SGT FA-FP Library Text Book 08/05/2026 ABC PVT. LTD. 1895.00 SGTU 22929   615 E26T FP5591 08/05/2026 22/04/2026 Books
    Dewey Decimal Classification     PHARMACY SGT FA-FP Library SGT FA-FP Library Text Book 08/05/2026 ABC PVT. LTD. 1895.00 SGTU 22929   615 E26T FP5592 08/05/2026 22/04/2026 Books
    Dewey Decimal Classification     PHARMACY SGT FA-FP Library SGT FA-FP Library Text Book 08/05/2026 ABC PVT. LTD. 1895.00 SGTU 22929   615 E26T FP5593 08/05/2026 22/04/2026 Books
    Dewey Decimal Classification     PHARMACY SGT FA-FP Library SGT FA-FP Library Text Book 08/05/2026 ABC PVT. LTD. 1895.00 SGTU 22929   615 E26T FP5594 08/05/2026 22/04/2026 Books
    Dewey Decimal Classification     PHARMACY SGT FA-FP Library SGT FA-FP Library Text Book 08/05/2026 ABC PVT. LTD. 1895.00 SGTU 22929   615 E26T FP5595 08/05/2026 22/04/2026 Books
    Dewey Decimal Classification     PHARMACY SGT FA-FP Library SGT FA-FP Library Text Book 08/05/2026 ABC PVT. LTD. 1895.00 SGTU 22929   615 E26T FP5596 08/05/2026 22/04/2026 Books
    Dewey Decimal Classification     PHARMACY SGT FA-FP Library SGT FA-FP Library Text Book 08/05/2026 ABC PVT. LTD. 1895.00 SGTU 22929   615 E26T FP5597 08/05/2026 22/04/2026 Books
    Dewey Decimal Classification     PHARMACY SGT FA-FP Library SGT FA-FP Library Text Book 08/05/2026 ABC PVT. LTD. 1895.00 SGTU 22929   615 E26T FP5598 08/05/2026 22/04/2026 Books
    Dewey Decimal Classification     PHARMACY SGT FA-FP Library SGT FA-FP Library Text Book 08/05/2026 ABC PVT. LTD. 1895.00 SGTU 22929   615 E26T FP5599 08/05/2026 22/04/2026 Books
    Dewey Decimal Classification     PHARMACY SGT FA-FP Library SGT FA-FP Library Text Book 08/05/2026 ABC PVT. LTD. 1895.00 SGTU 22929   615 E26T FP5600 08/05/2026 22/04/2026 Books